Finnish finger names - Statistics

General Stats
  • This quiz has been taken 411 times
  • The average score is 5 of 5
Answer Stats
Hint Answer % Correct
Middle finger Keskisormi
98%
Thumb Peukalo
97%
Index finger Etusormi
93%
Ring finger Nimetön
93%
Little finger Pikkusormi
86%
No matching quizzes found
Score Distribution
Percent of People with Each Score
Percentile by Number Answered
Your Score History
You have not taken this quiz